000 00313nam a22001097a 4500
999 _c6474
_d6474
008 190904b ||||| |||| 00| 0 eng d
020 _a0-13-073148-X
100 _aCOFFEY .E.ROBERT
245 _aBEHAVIOR IN ORGANIZATIONS: A MULTIDIMENSIONAL VIEW
250 _a1ST ED
260 _aENGLEWOOD CLIFFS
_bPRENTICE-HALL
_c1974